| 000 | 01217nam0a22002651 4500 | ||
|---|---|---|---|
| 001 | rc\2808619 | ||
| 005 | 20250529181229.0 | ||
| 035 | _a(NLR Aleph) 006934496 | ||
| 090 |
_a7581837 _c7581837 |
||
| 100 | _a20110915d1936 |||y0rusy50 ca | ||
| 101 | 0 | _arus | |
| 102 | _aRU | ||
| 105 | _aa z ||||| | ||
| 200 | 1 |
_aМатериалы к форпроекту Главного здания Академии наук СССР академика архитектора А. В. Щусева _eК Декабрьской сессии Акад. наук СССР 23-29 дек. 1936 г. _fАкад. наук СССР |
|
| 210 |
_aМосква _aЛенинград _cИзд-во Акад. наук СССР _d1936 _eМосква _g"Образцовая" тип. |
||
| 215 |
_aОбл., 42, [9] с., [4] отд. с. "Перечень вопросов..." _cил. _d22х14 см. |
||
| 333 | _aНа правах рукописи | ||
| 700 | 1 |
_aЩусев _bА.В. _f1873-1949 _gАлексей Викторович |
|
| 712 | 0 | 2 |
_aАкадемия наук СССР _bСессия _f1936, декабрь |
| 801 | 0 |
_aRU _bNLR _gpsbo |
|
| 801 | 1 |
_aRU _bELAR _2rusmarc |
|
| 852 |
_aNLR _j36-10/5174 |
||
| 942 | _cBOOK | ||
| 980 | _aNB | ||